[Event "RUS Cup Qualifier 5"]
[Site "chessassistantclub.com INT"]
[Date "2004.12.24"]
[Round "?"]
[White "Kharlov, Andrei"]
[Black "Volkov, Sergey"]
[Result "1/2-1/2"]
[WhiteElo "2604"]
[BlackElo "2625"]
[PlyCount "92"]
[EventDate "2004.12.24"]
[EventType "swiss (blitz)"]
[EventRounds "13"]
[EventCountry "RUS"]
[SourceTitle "CBM 104 ext"]
[Source "ChessBase"]
[SourceDate "2005.03.01"]
[SourceVersion "1"]
[SourceVersionDate "2005.03.01"]
[SourceQuality "1"]

1. d4 d5 2. Nf3 c6 3. Bf4 Bf5 4. e3 e6 5. Nbd2 Nd7 6. c4 Ngf6 7. Qb3 Qb6 8. c5
Qxb3 9. axb3 a6 10. b4 Rc8 11. h3 Be7 12. Nb3 Bd8 13. Bd6 Bc7 14. Bxc7 Rxc7 15.
b5 cxb5 16. Bxb5 Ke7 17. Be2 Rb8 18. Nbd2 b6 19. b4 a5 20. cxb6 Nxb6 21. bxa5
Nc4 22. O-O Nxd2 23. Nxd2 Rb2 24. Rfd1 Rcc2 25. a6 Nd7 26. a7 Nb6 27. e4 Rxd2
28. Rxd2 Rxd2 29. exf5 Rxe2 30. Rb1 Ra2 31. Rxb6 Rxa7 32. fxe6 fxe6 33. Rb1 Kd6
34. g3 Ra3 35. Rb7 Rd3 36. Rxg7 Rxd4 37. Rxh7 Rd1+ 38. Kg2 e5 39. h4 d4 40. h5
d3 41. Rh8 Kd7 42. Rh7+ Ke6 43. Rh8 Ke7 44. Rh7+ Ke6 45. Rh8 Ke7 46. Rh7+ Ke6
1/2-1/2

[Event "RUS Cup Qualifier 5"]
[Site "chessassistantclub.com INT"]
[Date "2004.12.24"]
[Round "?"]
[White "Klimenko, Sergey"]
[Black "Kharlov, Andrei"]
[Result "0-1"]
[WhiteElo "2429"]
[BlackElo "2604"]
[PlyCount "100"]
[EventDate "2004.12.24"]
[EventType "swiss (blitz)"]
[EventRounds "13"]
[EventCountry "RUS"]
[SourceTitle "CBM 104 ext"]
[Source "ChessBase"]
[SourceDate "2005.03.01"]
[SourceVersion "1"]
[SourceVersionDate "2005.03.01"]
[SourceQuality "1"]

1. d4 d5 2. c3 c6 3. Bf4 Bf5 4. e3 Qb6 5. Qb3 Nd7 6. Nd2 h6 7. h3 Ngf6 8. Ngf3
e6 9. Be2 Be7 10. O-O O-O 11. Ne5 Nxe5 12. Bxe5 Nd7 13. Bg3 Rfe8 14. Bf3 Bd3
15. Rfe1 Bf6 16. e4 dxe4 17. Nxe4 Bxe4 18. Bxe4 Qxb3 19. axb3 a6 20. b4 Nb6 21.
Re2 Kf8 22. Bd6+ Be7 23. Bxe7+ Kxe7 24. f4 g6 25. h4 h5 26. g3 Kf6 27. Kf2 Red8
28. Ra5 Nc4 29. Ra1 Nd6 30. Bd3 Rd7 31. Rae1 Rdd8 32. Re5 Kg7 33. R5e2 a5 34.
bxa5 Rxa5 35. Rd1 Ra2 36. Bb1 Ra1 37. Bc2 Rda8 38. Rxa1 Rxa1 39. Bd3 Kf6 40.
Re1 Ra2 41. Re2 Ke7 42. Ke3 Nf5+ 43. Bxf5 gxf5 44. Kd3 Kd6 45. Kc4 Ra4+ 46. Kb3
Ra1 47. Kc4 Rg1 48. Re3 Rg2 49. b3 Rd2 50. Rd3 b5+ 0-1

[Event "RUS Cup Qualifier 5"]
[Site "chessassistantclub.com INT"]
[Date "2004.12.24"]
[Round "?"]
[White "Moskalenko, Alexander"]
[Black "Kharlov, Andrei"]
[Result "1/2-1/2"]
[WhiteElo "2337"]
[BlackElo "2604"]
[PlyCount "217"]
[EventDate "2004.12.24"]
[EventType "swiss (blitz)"]
[EventRounds "13"]
[EventCountry "RUS"]
[SourceTitle "CBM 104 ext"]
[Source "ChessBase"]
[SourceDate "2005.03.01"]
[SourceVersion "1"]
[SourceVersionDate "2005.03.01"]
[SourceQuality "1"]

1. e4 c5 2. Nf3 Nc6 3. Bb5 d6 4. Bxc6+ bxc6 5. O-O Bg4 6. h3 Bh5 7. d4 cxd4 8.
Qxd4 Bxf3 9. gxf3 Nf6 10. Bg5 e5 11. Qc4 Rc8 12. Nc3 Be7 13. Rad1 O-O 14. f4
Nh5 15. Bxe7 Qxe7 16. fxe5 Nf4 17. Ne2 Qg5+ 18. Ng3 dxe5 19. Qc3 h5 20. h4 Qxh4
21. Qf3 Qg5 22. Kh2 Rfd8 23. Nf5 g6 24. Qg3 Qf6 25. Ne3 Kh7 26. Ng2 Ne2 27. Qe3
Nd4 28. c3 Nf3+ 29. Kg3 Ng5 30. f4 Rxd1 31. Rxd1 Ne6 32. f5 gxf5 33. exf5 Qxf5
34. Kh2 Rg8 35. Rd2 Rg4 36. Rf2 Qg6 37. Qh3 Kg7 38. Qe3 f6 39. Qxa7+ Qf7 40.
Qxf7+ Kxf7 41. Ne3 Rg5 42. Nf5 Nf4 43. Nd6+ Ke6 44. Ne4 Rg8 45. a4 f5 46. Nc5+
Kd5 47. b4 Kc4 48. Rf3 Rd8 49. a5 Rd2+ 50. Kg1 h4 51. a6 Ra2 52. Re3 e4 53.
Nxe4 Ne2+ 54. Kf1 Rxa6 55. Nd6+ Kd5 56. Nxf5 Ng3+ 57. Nxg3 hxg3 58. Rxg3 Kc4
59. Ke2 Ra3 60. Kd2 Ra2+ 61. Kc1 Rf2 62. Re3 Kb3 63. Kd1 Rh2 64. Rd3 Rg2 65.
Kc1 Rc2+ 66. Kd1 Rxc3 67. Rd4 Rc4 68. Rd3+ Kxb4 69. Kd2 c5 70. Rd6 Rh4 71. Rb6+
Kc4 72. Ra6 Rh2+ 73. Kc1 Kc3 74. Ra3+ Kb4 75. Rg3 c4 76. Rf3 Rg2 77. Rh3 Re2
78. Rf3 Re8 79. Rg3 Ra8 80. Kb1 Ra4 81. Rf3 Ra5 82. Rf6 Rd5 83. Rf3 Rd4 84. Kc2
Rh4 85. Kc1 Rh2 86. Rg3 Ra2 87. Kb1 Ra3 88. Rg6 Kb3 89. Rg2 Ra8 90. Rb2+ Kc3
91. Rc2+ Kb4 92. Rb2+ Kc5 93. Kc2 Rh8 94. Rb7 Rh2+ 95. Kc3 Rh3+ 96. Kc2 Rd3 97.
Rc7+ Kb4 98. Rb7+ Ka5 99. Ra7+ Kb5 100. Rb7+ Kc6 101. Rb4 Kc5 102. Rb8 Rh3 103.
Rc8+ Kb5 104. Rb8+ Ka4 105. Ra8+ Kb4 106. Rb8+ Kc5 107. Rc8+ Kd5 108. Rd8+ Kc5
109. Rc8+ 1/2-1/2

[Event "RUS Cup Qualifier 5"]
[Site "chessassistantclub.com INT"]
[Date "2004.12.24"]
[Round "?"]
[White "Pogonina, Natalija"]
[Black "Kharlov, Andrei"]
[Result "0-1"]
[WhiteElo "2402"]
[BlackElo "2604"]
[PlyCount "84"]
[EventDate "2004.12.24"]
[EventType "swiss (blitz)"]
[EventRounds "13"]
[EventCountry "RUS"]
[SourceTitle "CBM 104 ext"]
[Source "ChessBase"]
[SourceDate "2005.03.01"]
[SourceVersion "1"]
[SourceVersionDate "2005.03.01"]
[SourceQuality "1"]

1. d4 Nf6 2. c4 e6 3. g3 d5 4. Bg2 dxc4 5. Nf3 a6 6. O-O b5 7. a4 Bb7 8. axb5
axb5 9. Rxa8 Bxa8 10. b3 cxb3 11. Qxb3 c6 12. Bg5 Be7 13. Nc3 O-O 14. e4 Nbd7
15. e5 Nd5 16. Ne4 Bxg5 17. Nexg5 h6 18. Ne4 Qb6 19. Rc1 b4 20. Bf1 Bb7 21. Nc5
Nxc5 22. dxc5 Qc7 23. Bd3 Ra8 24. Be4 Ra3 25. Qc4 Ba6 26. Qd4 Qa5 27. Bxd5 exd5
28. e6 fxe6 29. Ne5 Rc3 30. Re1 Qxc5 31. Qg4 Bc8 32. Qg6 Qf8 33. Ng4 Kh8 34.
Re5 Bd7 35. Nxh6 Be8 36. Nf7+ Qxf7 37. Rh5+ Kg8 38. Qh7+ Kf8 39. Qh8+ Ke7 40.
Rh7 Kf6 41. Rh6+ Ke5 42. Rh4 Kd6 0-1

[Event "RUS Cup Qualifier 5"]
[Site "chessassistantclub.com INT"]
[Date "2004.12.24"]
[Round "?"]
[White "Rublevsky, Sergei"]
[Black "Kharlov, Andrei"]
[Result "0-1"]
[WhiteElo "2686"]
[BlackElo "2604"]
[PlyCount "96"]
[EventDate "2004.12.24"]
[EventType "swiss (blitz)"]
[EventRounds "13"]
[EventCountry "RUS"]
[SourceTitle "CBM 104 ext"]
[Source "ChessBase"]
[SourceDate "2005.03.01"]
[SourceVersion "1"]
[SourceVersionDate "2005.03.01"]
[SourceQuality "1"]

1. e4 c5 2. Nf3 Nc6 3. Bb5 d6 4. O-O Bd7 5. Re1 a6 6. Bxc6 Bxc6 7. d4 cxd4 8.
Nxd4 Rc8 9. c4 e6 10. Nc3 Bd7 11. Qd3 Nf6 12. b3 Be7 13. Bb2 O-O 14. Rad1 Qc7
15. f4 Rfd8 16. e5 dxe5 17. fxe5 Ne8 18. Kh1 Bc6 19. Qg3 Bc5 20. Nxc6 Qxc6 21.
h3 Bb4 22. Qh4 Qc7 23. a3 Be7 24. Qe4 g6 25. Qe2 Ng7 26. Ne4 Nf5 27. g4 Qc6 28.
Kh2 Nh4 29. Kg3 g5 30. Qe3 h6 31. Bd4 Rd7 32. Bb6 Rxd1 33. Rxd1 Ng6 34. Bd4 Rd8
35. Rd2 Nh4 36. Bc3 Rxd2 37. Bxd2 Bc5 38. Qd3 Kg7 39. Be1 Bxa3 40. Kh2 Bc1 41.
Bxh4 Bf4+ 42. Bg3 Bxg3+ 43. Kxg3 Qb6 44. Qf3 Qg1+ 45. Qg2 Qe3+ 46. Qf3 Qg1+ 47.
Qg2 Qe3+ 48. Qf3 Qd4 0-1

[Event "RUS Cup Qualifier 5"]
[Site "chessassistantclub.com INT"]
[Date "2004.12.24"]
[Round "?"]
[White "Turov, Maxim"]
[Black "Kharlov, Andrei"]
[Result "1-0"]
[WhiteElo "2536"]
[BlackElo "2604"]
[PlyCount "131"]
[EventDate "2004.12.24"]
[EventType "swiss (blitz)"]
[EventRounds "13"]
[EventCountry "RUS"]
[SourceTitle "CBM 104 ext"]
[Source "ChessBase"]
[SourceDate "2005.03.01"]
[SourceVersion "1"]
[SourceVersionDate "2005.03.01"]
[SourceQuality "1"]

1. e4 c5 2. Nc3 Nc6 3. Bb5 Nd4 4. Bc4 e6 5. Nf3 Ne7 6. Nxd4 cxd4 7. Ne2 Nc6 8.
d3 Be7 9. Bd2 d5 10. exd5 exd5 11. Bb3 O-O 12. O-O Bf6 13. Nf4 Be6 14. Qf3 Ne7
15. Rfe1 Qd7 16. Nh5 Bh4 17. h3 Ng6 18. Bb4 Rfe8 19. Bc5 Be7 20. Bxd4 Bf8 21.
Qf6 Qd8 22. Qf3 h6 23. Re2 Kh8 24. Rae1 Qd7 25. Qe3 Kh7 26. Qf3 Re7 27. Bc5
Ree8 28. Bxf8 Rxf8 29. Nf4 Nxf4 30. Qxf4 Kg8 31. Qd4 Rfd8 32. Re3 a6 33. Rg3 g6
34. Rge3 Qd6 35. h4 h5 36. Rg3 Bg4 37. Re5 Qf6 38. f3 Be6 39. c3 Rd7 40. Kf2
Rad8 41. Rxh5 Qxd4+ 42. cxd4 Rc7 43. Re5 Kf8 44. h5 gxh5 45. Rxh5 Ke7 46. Re5
Rc1 47. f4 Kf6 48. f5 Bc8 49. Rh3 Rb1 50. g4 Rxb2+ 51. Kf3 Rb1 52. Bxd5 Rf1+
53. Ke4 Re1+ 54. Kf4 Rf1+ 55. Rf3 Rxf3+ 56. Kxf3 Kg5 57. Ke4 Kxg4 58. Bxf7 Kg5
59. Be6 Bxe6 60. fxe6+ Kf6 61. d5 Ke7 62. Rf5 Kd6 63. Rf7 b5 64. Ra7 Kc5 65. e7
Re8 66. Ke5 1-0

[Event "RUS Fed Internet Cup Final 5'"]
[Site "chessassistantclub.com INT"]
[Date "2004.12.28"]
[Round "1"]
[White "Van Wely, Loek"]
[Black "Kharlov, Andrei"]
[Result "1-0"]
[WhiteElo "2681"]
[BlackElo "2613"]
[PlyCount "93"]
[EventDate "2004.12.28"]
[EventType "tourn (blitz)"]
[EventRounds "19"]
[EventCountry "RUS"]
[EventCategory "15"]
[SourceTitle "CBM 104 ext"]
[Source "ChessBase"]
[SourceDate "2005.03.01"]
[SourceVersion "1"]
[SourceVersionDate "2005.03.01"]
[SourceQuality "1"]

1. d4 d5 2. c4 e6 3. Nc3 Nf6 4. cxd5 exd5 5. Bg5 c6 6. e3 Bf5 7. Qf3 Bg6 8.
Bxf6 Qxf6 9. Qxf6 gxf6 10. Nf3 Be7 11. Nh4 f5 12. Nf3 Nd7 13. g3 Nb6 14. Ne5 f6
15. Nd3 Nc4 16. Nf4 Nxb2 17. Kd2 Nc4+ 18. Bxc4 dxc4 19. a4 Bf7 20. Rhb1 b6 21.
Rb2 Kd7 22. Rab1 Rab8 23. Ng2 Ba3 24. Ra2 Bd6 25. Nh4 Be6 26. Ne2 c3+ 27. Nxc3
Bxa2 28. Nxa2 Ke6 29. Nc3 Rhc8 30. Kd3 a6 31. Ra1 Rc7 32. Ra2 b5 33. axb5 axb5
34. Nf3 b4 35. Ne2 b3 36. Rb2 Ba3 37. Rb1 b2 38. Nd2 Ra7 39. Nc4 Rb4 40. Kc3
Rab7 41. Nf4+ Kd7 42. Nd3 Rb3+ 43. Kc2 Bd6 44. Nxd6 Kxd6 45. Nc5 Kd5 46. Nxb3
Ke4 47. Nd2+ 1-0

[Event "RUS Fed Internet Cup Final 5'"]
[Site "chessassistantclub.com INT"]
[Date "2004.12.28"]
[Round "3"]
[White "Ovetchkin, Roman"]
[Black "Kharlov, Andrei"]
[Result "1-0"]
[WhiteElo "2473"]
[BlackElo "2613"]
[PlyCount "119"]
[EventDate "2004.12.28"]
[EventType "tourn (blitz)"]
[EventRounds "19"]
[EventCountry "RUS"]
[EventCategory "15"]
[SourceTitle "CBM 104 ext"]
[Source "ChessBase"]
[SourceDate "2005.03.01"]
[SourceVersion "1"]
[SourceVersionDate "2005.03.01"]
[SourceQuality "1"]

1. e4 c5 2. Nf3 Nc6 3. Bb5 d6 4. O-O Bd7 5. h3 a6 6. Bxc6 Bxc6 7. Re1 e5 8. d3
Be7 9. Nbd2 Nf6 10. Nf1 O-O 11. Ng3 Ne8 12. c3 Nc7 13. d4 exd4 14. cxd4 d5 15.
e5 g6 16. Bh6 Re8 17. Qd2 Ne6 18. Rad1 Rc8 19. a3 b6 20. Ne2 Qd7 21. Nf4 Ba4
22. Rc1 cxd4 23. Nxe6 fxe6 24. Nxd4 Rxc1 25. Rxc1 Rc8 26. Bg5 Rxc1+ 27. Qxc1
Bc5 28. Qf4 Qf7 29. Bf6 Bd7 30. Nf3 Qe8 31. h4 Bf8 32. Qg5 h6 33. Qg4 Kh7 34.
Qe4 Kg8 35. Qf4 Qc8 36. Nd4 Be8 37. h5 gxh5 38. Qg3+ Kh7 39. Qh3 Qc1+ 40. Kh2
Qf4+ 41. Kg1 Qxd4 42. Qxe6 Bg6 43. Qd7+ Kg8 44. Qd8 Qa4 45. Qxd5+ Bf7 46. e6
Qe8 47. exf7+ Qxf7 48. Qc6 Bc5 49. b4 Qc4 50. Qe8+ Kh7 51. Qh8+ Kg6 52. Qg7+
Kf5 53. bxc5 Qc1+ 54. Kh2 Qf4+ 55. Kh3 Qxf2 56. Bh4 Qg1 57. Qf6+ Ke4 58. Qf3+
Ke5 59. Bg3+ Kd4 60. Bf2+ 1-0

[Event "RUS Fed Internet Cup Final 5'"]
[Site "chessassistantclub.com INT"]
[Date "2004.12.28"]
[Round "4"]
[White "Kharlov, Andrei"]
[Black "Azmaiparashvili, Zurab"]
[Result "1/2-1/2"]
[WhiteElo "2613"]
[BlackElo "2672"]
[PlyCount "78"]
[EventDate "2004.12.28"]
[EventType "tourn (blitz)"]
[EventRounds "19"]
[EventCountry "RUS"]
[EventCategory "15"]
[SourceTitle "CBM 104 ext"]
[Source "ChessBase"]
[SourceDate "2005.03.01"]
[SourceVersion "1"]
[SourceVersionDate "2005.03.01"]
[SourceQuality "1"]

1. e4 d6 2. d4 g6 3. g3 Bg7 4. Bg2 c5 5. Ne2 cxd4 6. Nxd4 Nc6 7. Ne2 Nf6 8. O-O
O-O 9. Nbc3 Bg4 10. h3 Bxe2 11. Nxe2 Rc8 12. Be3 Qa5 13. a3 Ne5 14. Bd4 Nfd7
15. c3 Nc4 16. b3 Bxd4 17. cxd4 Nb2 18. Qb1 Qd2 19. Ra2 Qxe2 20. Rxb2 Qb5 21.
Rc2 e5 22. Rd1 Nb6 23. Bf1 Qa5 24. dxe5 dxe5 25. Rxc8 Rxc8 26. Qb2 Qc3 27. Qxc3
Rxc3 28. Rd3 Rxd3 29. Bxd3 a5 30. Kf1 Kf8 31. Ke2 Ke7 32. Ke3 Kd6 33. Kd2 Kc5
34. Kc3 Nc8 35. b4+ axb4+ 36. axb4+ Kc6 37. Bc4 Nd6 38. Bd5+ Kc7 39. f4 f6
1/2-1/2

[Event "RUS Fed Internet Cup Final 5'"]
[Site "chessassistantclub.com INT"]
[Date "2004.12.28"]
[Round "5"]
[White "Aleksandrov, Aleksej"]
[Black "Kharlov, Andrei"]
[Result "1-0"]
[WhiteElo "2659"]
[BlackElo "2613"]
[PlyCount "75"]
[EventDate "2004.12.28"]
[EventType "tourn (blitz)"]
[EventRounds "19"]
[EventCountry "RUS"]
[EventCategory "15"]
[SourceTitle "CBM 104 ext"]
[Source "ChessBase"]
[SourceDate "2005.03.01"]
[SourceVersion "1"]
[SourceVersionDate "2005.03.01"]
[SourceQuality "1"]

1. d4 d5 2. c4 e6 3. Nc3 Nf6 4. cxd5 Nxd5 5. e4 Nxc3 6. bxc3 c5 7. a3 cxd4 8.
cxd4 Be7 9. Nf3 O-O 10. Bd3 Nc6 11. Be3 b6 12. O-O Bb7 13. Qe2 Na5 14. Rfd1 Rc8
15. d5 exd5 16. exd5 Bf6 17. Rab1 Qd6 18. Rb4 Rfe8 19. h3 g6 20. Bb5 Re7 21.
Qa2 Rxe3 22. fxe3 Rc3 23. e4 Qc5+ 24. Qf2 Qd6 25. Qe1 Rxa3 26. e5 Qc5+ 27. Kh1
Bd8 28. e6 Bxd5 29. exf7+ Kxf7 30. Rf4+ Kg7 31. Qe5+ Kh6 32. Rxd5 Qc1+ 33. Kh2
Bc7 34. Qg5+ Kg7 35. Rd7+ Kg8 36. Qd5+ Kh8 37. Qd4+ Kg8 38. Qg7# 1-0

[Event "RUS Fed Internet Cup Final 5'"]
[Site "chessassistantclub.com INT"]
[Date "2004.12.28"]
[Round "6"]
[White "Kharlov, Andrei"]
[Black "Turov, Maxim"]
[Result "1/2-1/2"]
[WhiteElo "2613"]
[BlackElo "2543"]
[PlyCount "48"]
[EventDate "2004.12.28"]
[EventType "tourn (blitz)"]
[EventRounds "19"]
[EventCountry "RUS"]
[EventCategory "15"]
[SourceTitle "CBM 104 ext"]
[Source "ChessBase"]
[SourceDate "2005.03.01"]
[SourceVersion "1"]
[SourceVersionDate "2005.03.01"]
[SourceQuality "1"]

1. e4 c6 2. d4 d5 3. exd5 cxd5 4. c4 Nf6 5. Nc3 g6 6. Qb3 Bg7 7. cxd5 O-O 8.
Nge2 Nbd7 9. Nf4 Nb6 10. Be3 Bf5 11. h4 Qd7 12. Be2 Rfd8 13. Bf3 Bg4 14. Bxg4
Qxg4 15. g3 Qd7 16. Rc1 Nbxd5 17. Ncxd5 Nxd5 18. Nxd5 Qxd5 19. Qxd5 Rxd5 20.
Rc7 Bxd4 21. Bxd4 Rxd4 22. Rxe7 Rad8 23. O-O R8d7 24. Rfe1 Kg7 1/2-1/2

[Event "RUS Fed Internet Cup Final 5'"]
[Site "chessassistantclub.com INT"]
[Date "2004.12.28"]
[Round "7"]
[White "Dobrov, Vladimir"]
[Black "Kharlov, Andrei"]
[Result "1/2-1/2"]
[WhiteElo "2487"]
[BlackElo "2613"]
[PlyCount "93"]
[EventDate "2004.12.28"]
[EventType "tourn (blitz)"]
[EventRounds "19"]
[EventCountry "RUS"]
[EventCategory "15"]
[SourceTitle "CBM 104 ext"]
[Source "ChessBase"]
[SourceDate "2005.03.01"]
[SourceVersion "1"]
[SourceVersionDate "2005.03.01"]
[SourceQuality "1"]

1. e4 c5 2. a3 Nc6 3. b4 d5 4. exd5 Qxd5 5. Nc3 Qe6+ 6. Be2 Nd4 7. bxc5 Nf6 8.
Kf1 Bd7 9. Nf3 Nxe2 10. Qxe2 Qxe2+ 11. Kxe2 Rc8 12. d4 Bf5 13. Rb1 b6 14. cxb6
axb6 15. Bd2 e6 16. a4 Nd7 17. d5 Bc5 18. Nh4 Bxc2 19. Rb2 Bg6 20. Nxg6 hxg6
21. dxe6 fxe6 22. Ne4 O-O 23. Rd1 Bd4 24. Ra2 e5 25. Bb4 Nc5 26. Bxc5 bxc5 27.
a5 c4 28. a6 Rc7 29. f3 Ra8 30. Rb1 Rca7 31. Rb4 c3 32. Kd3 Rxa6 33. Rxa6 Rxa6
34. Nxc3 Bxc3 35. Kxc3 Kf7 36. Rb2 Kf6 37. Kd3 Ra4 38. Ke3 g5 39. Rb6+ Kf7 40.
h3 Ra2 41. g4 Ra4 42. Rb5 Kf6 43. Rb6+ Kf7 44. Rb8 Rc4 45. Rb7+ Kf6 46. Rd7 Rb4
47. Rd6+ 1/2-1/2

[Event "RUS Fed Internet Cup Final 5'"]
[Site "chessassistantclub.com INT"]
[Date "2004.12.28"]
[Round "8"]
[White "Kharlov, Andrei"]
[Black "Shipov, Sergei"]
[Result "1/2-1/2"]
[WhiteElo "2613"]
[BlackElo "2588"]
[PlyCount "76"]
[EventDate "2004.12.28"]
[EventType "tourn (blitz)"]
[EventRounds "19"]
[EventCountry "RUS"]
[EventCategory "15"]
[SourceTitle "CBM 104 ext"]
[Source "ChessBase"]
[SourceDate "2005.03.01"]
[SourceVersion "1"]
[SourceVersionDate "2005.03.01"]
[SourceQuality "1"]

1. c4 Nf6 2. Nc3 c5 3. Nf3 e6 4. e3 Be7 5. d4 cxd4 6. exd4 d5 7. Bd3 dxc4 8.
Bxc4 O-O 9. O-O Bd7 10. Ne5 Bc6 11. Re1 Bd5 12. Nxd5 Nxd5 13. Qb3 Nc6 14. Nxc6
bxc6 15. Bxd5 cxd5 16. Bf4 Bf6 17. Red1 Qb6 18. Qxb6 axb6 19. a3 Rfc8 20. Rac1
Rxc1 21. Bxc1 Rc8 22. Be3 Rc2 23. Rb1 Kf8 24. Kf1 Ke8 25. Ke1 b5 26. Kd1 Rc6
27. Rc1 Kd7 28. Rxc6 Kxc6 29. Kc2 Be7 30. Bd2 Bd6 31. h3 h5 32. g4 hxg4 33.
hxg4 Bc7 34. b3 Bd6 35. a4 bxa4 36. bxa4 Bc7 37. f3 Bb6 38. Bc3 Bc7 1/2-1/2

[Event "RUS Fed Internet Cup Final 5'"]
[Site "chessassistantclub.com INT"]
[Date "2004.12.28"]
[Round "9"]
[White "Popov, Roman"]
[Black "Kharlov, Andrei"]
[Result "0-1"]
[WhiteElo "2392"]
[BlackElo "2613"]
[PlyCount "84"]
[EventDate "2004.12.28"]
[EventType "tourn (blitz)"]
[EventRounds "19"]
[EventCountry "RUS"]
[EventCategory "15"]
[SourceTitle "CBM 104 ext"]
[Source "ChessBase"]
[SourceDate "2005.03.01"]
[SourceVersion "1"]
[SourceVersionDate "2005.03.01"]
[SourceQuality "1"]

1. e4 c5 2. Nc3 Nc6 3. Bb5 Nd4 4. Nf3 Nxb5 5. Nxb5 a6 6. Nc3 d6 7. d4 cxd4 8.
Qxd4 e6 9. Bg5 f6 10. Bh4 Nh6 11. O-O-O Nf7 12. e5 dxe5 13. Qxd8+ Nxd8 14. Nxe5
g5 15. Rxd8+ Kxd8 16. Nf7+ Ke7 17. Nxh8 gxh4 18. Re1 Bd7 19. Nd5+ Kd6 20. Nxf6
Bh6+ 21. Kb1 Rxh8 22. Rd1+ Ke7 23. Rxd7+ Kxf6 24. Rxb7 Rd8 25. b4 Bf4 26. Rxh7
Bxh2 27. Rxh4 Be5 28. a4 Rd1+ 29. Ka2 Rd2 30. Rc4 Rxf2 31. g4 Bd6 32. Kb3 Ke7
33. Re4 Kd7 34. b5 a5 35. b6 Rf1 36. Kc4 Rb1 37. g5 Rxb6 38. g6 Rb4+ 39. Kd3
Rxe4 40. Kxe4 Bf8 41. c4 Bg7 42. c5 Kc6 0-1

[Event "RUS Fed Internet Cup Final 5'"]
[Site "chessassistantclub.com INT"]
[Date "2004.12.28"]
[Round "10"]
[White "Panarin, Mikhail"]
[Black "Kharlov, Andrei"]
[Result "1-0"]
[WhiteElo "2482"]
[BlackElo "2613"]
[PlyCount "55"]
[EventDate "2004.12.28"]
[EventType "tourn (blitz)"]
[EventRounds "19"]
[EventCountry "RUS"]
[EventCategory "15"]
[SourceTitle "CBM 104 ext"]
[Source "ChessBase"]
[SourceDate "2005.03.01"]
[SourceVersion "1"]
[SourceVersionDate "2005.03.01"]
[SourceQuality "1"]

1. e4 c5 2. Nf3 Nc6 3. d4 cxd4 4. Nxd4 Nf6 5. Nc3 e5 6. Ndb5 d6 7. a4 a6 8. Na3
Bg4 9. Be2 Bxe2 10. Qxe2 d5 11. Bg5 Bb4 12. Bxf6 gxf6 13. exd5 Bxc3+ 14. bxc3
Qxd5 15. O-O O-O 16. Nc4 Qe6 17. Ne3 Kh8 18. Rab1 Rab8 19. Qh5 Ne7 20. Rb4 Rg8
21. Rfb1 Nd5 22. Rh4 Rg7 23. Nf5 Rbg8 24. Nxg7 Rxg7 25. Rxb7 Qc8 26. Rxf7 Nf4
27. Qxh7+ Rxh7 28. Rfxh7+ 1-0

[Event "RUS Fed Internet Cup Final 5'"]
[Site "chessassistantclub.com INT"]
[Date "2004.12.28"]
[Round "13"]
[White "Kharlov, Andrei"]
[Black "Vlassov, Nikolai"]
[Result "1-0"]
[WhiteElo "2613"]
[BlackElo "2492"]
[PlyCount "157"]
[EventDate "2004.12.28"]
[EventType "tourn (blitz)"]
[EventRounds "19"]
[EventCountry "RUS"]
[EventCategory "15"]
[SourceTitle "CBM 104 ext"]
[Source "ChessBase"]
[SourceDate "2005.03.01"]
[SourceVersion "1"]
[SourceVersionDate "2005.03.01"]
[SourceQuality "1"]

1. c4 Nf6 2. Nc3 Nc6 3. Nf3 e5 4. a3 a5 5. e3 Bc5 6. d4 exd4 7. exd4 Ba7 8. d5
Qe7+ 9. Be2 Ne5 10. O-O O-O 11. Nb5 Bb8 12. Re1 d6 13. Bg5 h6 14. Bh4 Ng6 15.
Bd3 Qd8 16. Bxg6 fxg6 17. Nfd4 g5 18. Bg3 Qd7 19. Ne6 Rf7 20. Qd3 c6 21. dxc6
bxc6 22. Nxd6 Bxd6 23. Qxd6 Qxd6 24. Bxd6 Bxe6 25. Rxe6 a4 26. h3 Rb7 27. Bb4
c5 28. Bc3 Kf7 29. Re5 Rc8 30. Rae1 Rd7 31. g4 Rc6 32. Kg2 Kg6 33. Re6 Rxe6 34.
Rxe6 Kf7 35. Re5 Rc7 36. Kf3 Nd7 37. Rf5+ Kg6 38. Rd5 Kf7 39. Rd6 Rb7 40. Ke4
Nf6+ 41. Kd3 Re7 42. f3 Rc7 43. Ra6 Rd7+ 44. Ke2 Ne8 45. Rxa4 Nd6 46. Kf2 g6
47. Be5 Ke6 48. Bxd6 Rxd6 49. Ke2 Ke5 50. Ke3 Rd1 51. Ra5 Re1+ 52. Kf2 Rb1 53.
Rxc5+ Kf4 54. Rb5 Rc1 55. c5 Rc2+ 56. Ke1 Kxf3 57. Kd1 Rc4 58. b3 Rc3 59. Kd2
Re3 60. c6 Re8 61. c7 Rc8 62. Rc5 Kg3 63. Rc3+ Kg2 64. b4 h5 65. b5 h4 66. b6
Kh2 67. a4 Kg2 68. a5 Rf8 69. b7 Rf2+ 70. Kc1 Rf1+ 71. Kb2 Rf2+ 72. Kb3 Rf1 73.
c8=Q Rb1+ 74. Kc2 Ra1 75. b8=Q Ra2+ 76. Qb2 Ra1 77. Qxa1 Kf2 78. Qc5+ Kg2 79.
Qag1# 1-0

[Event "RUS Fed Internet Cup Final 5'"]
[Site "chessassistantclub.com INT"]
[Date "2004.12.28"]
[Round "14"]
[White "Adams, Michael"]
[Black "Kharlov, Andrei"]
[Result "1-0"]
[WhiteElo "2740"]
[BlackElo "2613"]
[PlyCount "93"]
[EventDate "2004.12.28"]
[EventType "tourn (blitz)"]
[EventRounds "19"]
[EventCountry "RUS"]
[EventCategory "15"]
[SourceTitle "CBM 104 ext"]
[Source "ChessBase"]
[SourceDate "2005.03.01"]
[SourceVersion "1"]
[SourceVersionDate "2005.03.01"]
[SourceQuality "1"]

1. d4 d5 2. Bg5 c6 3. e3 h6 4. Bh4 Qb6 5. b3 Bf5 6. Nf3 e6 7. Be2 Nd7 8. O-O
Be7 9. Bg3 Ngf6 10. c4 Ne4 11. Bd3 Nxg3 12. hxg3 Bxd3 13. Qxd3 O-O 14. Nc3 Bb4
15. Ne2 Qd8 16. a3 Bd6 17. Nf4 dxc4 18. Qxc4 e5 19. Ne6 fxe6 20. Qxe6+ Kh8 21.
Qxd6 exd4 22. Qxd4 Nf6 23. Qxd8 Rfxd8 24. Rfd1 Ne4 25. Ne5 Kg8 26. g4 a5 27.
Nc4 Rxd1+ 28. Rxd1 a4 29. b4 Nc3 30. Rd3 Nb5 31. f3 Nc7 32. Kf2 Nd5 33. e4 Nf4
34. Rd2 Ne6 35. Rd6 Nc7 36. Rd7 Nb5 37. Ke3 Rb8 38. e5 b6 39. f4 c5 40. bxc5
bxc5 41. e6 Nd4 42. f5 Rb3+ 43. Ke4 Rb1 44. Kd5 Nb3 45. Rd8+ Kh7 46. e7 Rd1+
47. Kc6 1-0